000 00916nam a22002177a 4500
005 20240530110558.0
008 160316s2013 ua g b 000 0 ara d
017 _a2013/1514
_bمصر . دار الكتب المصرية
020 _a9789776298972
040 _aEG-CaGPL
082 0 4 _221
_a658.409\
_bخ ق
100 0 _aخبراء المجموعة العربية للتدريب و النشر
245 1 2 _aالقائد المتميز بين الموهبة و الابداع /
_cاعداد خبراء المجموعة العربية للتدريب و النشر
250 _aط1
260 _aالقاهرة :
_bالمجموعة العربية للتدريب و النشر ،
_c2013 .
300 _a93 ص ؛
_c24 سم .
504 _aيشتمل على ارجاعات ببليوجرافية
650 0 4 _aالقيادة الادارية
942 _2ddc
_cBK
999 _c62598
_d62598